000 01530nam0a22003371 4500
001 RU\INFOCOMM_317\NLR\5000027350
005 20250614080758.0
035 _a(NLR Aleph) 010614114
090 _a10581459
_c10581459
100 _a20130326d1983 |||y0rusy50 ca
101 0 _aeng
102 _aRU
105 _ay z||||
200 1 _aˆThe ‰Results of experiments with CMD on VEPP-2M storage ring
_fG. V. Anikin, L. M. Barkov, B. I. Hasin et al.
210 _aNovosibirsk
_d1983
215 _a[1], 33 с.
_cил.
_d20 см
225 1 _aPreprint
_fInst. of nuclear physics
_v83-85
300 _aВ вып. дан.: Результаты экспериментов, выполненных с помощью криогенного магнитного детектора на накопителе ВЭПП-2М / Г. В. Аникин и др.
300 _aНа обл. надзаг. на рус. яз.
320 _aБиблиогр.: с. 15-17
606 0 _aЭлектронно-позитронные пары
_xАннигиляция
_xИсследование в магнитных детекторах ядерного излучения
_2nlr_sh1
606 0 _aНакопители для ускорителей заряженных частиц
_2nlr_sh1
620 _aНовосибирск
686 _aВ381.57
_2rubbk
686 _aВ382.341
_2rubbk
701 1 _aAnikin
_bG. V.
801 1 _aRU
_bInfocomm
_c20130326
801 0 _aRU
_bINFOCOMM
_gPSBO
852 _aNLR
_jФз01 Д-4/2261
942 _cBOOK
980 _aNB